| 000 | 00478nam a22001817a 4500 | ||
|---|---|---|---|
| 005 | 20260423163109.0 | ||
| 008 | 260423b |||||||| |||| 00| 0 eng d | ||
| 020 |
_a9788126560387 _c1295.00 |
||
| 040 | _aMAIN | ||
| 041 | _aEnglish | ||
| 082 |
_a631.6 _bTOL |
||
| 100 |
_aTollner, Ernest W _918872 |
||
| 245 | _aNatural Resources Engineering | ||
| 260 |
_aNew Delhi _bWiley Blackwell _c2016 |
||
| 300 | _a576 | ||
| 650 |
_aEnvironment Science (PM USHA) _926725 |
||
| 942 | _cBK | ||
| 999 |
_c60719 _d60719 |
||